|
|
|
|
| LEADER |
01234nam a2200313 a 4500 |
| 001 |
3563745 |
| 008 |
091217s1998 dcua b 000 0 eng d |
| 010 |
|
|
|a 98061216
|
| 020 |
|
|
|a 1878071459
|
| 040 |
|
|
|a DLC
|c DLC
|d BD-DhAAL
|
| 082 |
0 |
0 |
|a 304.2
|2 21
|
| 100 |
1 |
|
|a Brown, Lester Russell,
|d 1934-
|
| 245 |
1 |
0 |
|a Beyond Malthus :
|b sixteen dimensions of the population problem /
|c Lester R. Brown, Gary Gardner, and Brian Halweil ; Linda Starke, editor.
|
| 260 |
|
|
|a Washington, DC :
|b Worldwatch Institute,
|c c1998.
|
| 300 |
|
|
|a 89 p. :
|b ill. ;
|c 22 cm.
|
| 490 |
0 |
|
|a Worldwatch paper ;
|v 143
|
| 500 |
|
|
|a "September 1998."
|
| 504 |
|
|
|a Includes bibliographical references (p. 77-89).
|
| 541 |
1 |
|
|e 00006574
|
| 650 |
|
0 |
|a Population
|x Environmental aspects.
|
| 650 |
|
0 |
|a Overpopulation.
|
| 650 |
|
0 |
|a Population forecasting.
|
| 700 |
1 |
|
|a Gardner, Gary T.,
|d 1958-
|
| 700 |
1 |
|
|a Halweil, Brian.
|
| 700 |
1 |
|
|a Starke, Linda.
|
| 710 |
2 |
|
|a Worldwatch Institute
|
| 852 |
4 |
|
|a Ayesha Abed Library
|j General shelf
|
| 999 |
|
|
|c 6179
|d 6179
|
| 952 |
|
|
|0 0
|1 0
|2 ddc
|4 0
|6 304_200000000000000_BRO_1998
|7 0
|9 6197
|a BRACUL
|b BRACUL
|c GEN
|d 2009-12-17
|g 0.00
|l 0
|o 304.2 BRO
|p 3010006574
|r 2009-12-17
|t 1
|w 2009-12-17
|y BK
|x No price found in the accession register.
|